Gyakorlócég praktikum a kereskedelmi akadémia számára

Guardado en:
Detalles Bibliográficos
Autor principal: Horáčková, Alena
Otros Autores: Horecká, Gabriela, Velichová, Ľudmila, Zámečníková, Zuzana, Ďuricová, Oľga, Országh, Peter
Formato: Libro
Lenguaje:húngaro
Publicado: Bratislava Slovenské pedagogické nakladateľstvo - Mladé letá 2008
Materias:
Etiquetas: Agregar Etiqueta
Sin Etiquetas, Sea el primero en etiquetar este registro!

MARC

LEADER 00000nam$a2200000$$$4500
001 0093713
005 20240514113805.7
020 |a 978-80-10-01512-2 
041 0 |a hun 
044 |a SK 
245 1 0 |a Gyakorlócég  |b praktikum a kereskedelmi akadémia számára 
264 1 |a Bratislava  |b Slovenské pedagogické nakladateľstvo - Mladé letá  |c 2008 
300 |a 152 s. 
610 2 0 |a firmy cvičné 
610 2 0 |a firmy 
610 2 0 |a vyučovanie 
610 2 0 |a školy stredné odborné 
100 1 |a Horáčková, Alena 
700 1 |a Horecká, Gabriela 
700 1 |a Velichová, Ľudmila 
700 1 |a Zámečníková, Zuzana 
700 1 |a Ďuricová, Oľga 
700 1 |a Országh, Peter